| 000 -LEADER |
| fixed length control field |
00458nam a22001697a 4500 |
| 005 - DATE AND TIME OF LATEST TRANSACTION |
| control field |
20250204084917.0 |
| 008 - FIXED-LENGTH DATA ELEMENTS--GENERAL INFORMATION |
| fixed length control field |
250204b ||||| |||| 00| 0 eng d |
| 020 ## - INTERNATIONAL STANDARD BOOK NUMBER |
| International Standard Book Number |
9781406334760 |
| 040 ## - CATALOGING SOURCE |
| Transcribing agency |
BRITISH LIBRARY |
| 100 ## - MAIN ENTRY--PERSONAL NAME |
| Personal name |
COUSINS,LUCY |
| Relator term |
AUTHOR |
| 245 ## - TITLE STATEMENT |
| Title |
MAISY'S BUS |
| Statement of responsibility, etc. |
TRANSPORTATION |
| 260 ## - PUBLICATION, DISTRIBUTION, ETC. |
| Name of publisher, distributor, etc. |
WALKER BOOKS |
| 300 ## - PHYSICAL DESCRIPTION |
| Extent |
20 CM |
| Other physical details |
COLOUR ILLUSTRATION |
| 521 ## - TARGET AUDIENCE NOTE |
| Target audience note |
JUVENILE |
| 650 ## - SUBJECT ADDED ENTRY--TOPICAL TERM |
| Topical term or geographic name entry element |
JUVENILE LITERATURE |
| Form subdivision |
JUVENILE LITERATURE |
| 942 ## - ADDED ENTRY ELEMENTS (KOHA) |
| Source of classification or shelving scheme |
|
| Koha item type |
Books - Non Ficton |